Statistics for Most Populated Countries Containing 'L'

Click here to take the quiz!

General Stats

  • This quiz has been taken 448 times
    (435 since last reset)
  • The average score is 14 of 20

Answer Stats

Population Country % Correct
204 milBrazil
97%
23 milAustralia
86%
48 milColombia
86%
60 milItaly
83%
18 milChile
82%
39 milAlgeria
82%
102 milPhilippines
80%
65 milThailand
80%
38 milPoland
77%
158 milBangladesh
77%
30 milMalaysia
76%
30 milVenezuela
75%
77 milD.R. Congo
71%
24 milAngola
63%
16 milNetherlands
63%
17 milMali
60%
28 milNepal
44%
20 milSri Lanka
44%
16 milGuatemala
44%
16 milMalawi
42%

Score Distribution

Percentile by Number Answered

Percent of People with Each Score

Your Score History

You have not taken this quiz since the last reset